वेदान्तदर्शनम् (Record no. 294624)

MARC details
000 -LEADER
fixed length control field 01010nam a2200253Ia 4500
003 - CONTROL NUMBER IDENTIFIER
control field OSt
005 - DATE AND TIME OF LATEST TRANSACTION
control field 20220923211045.0
008 - FIXED-LENGTH DATA ELEMENTS--GENERAL INFORMATION
fixed length control field 220922b |||||||| |||| 00| 0 san d
020 ## - INTERNATIONAL STANDARD BOOK NUMBER
International Standard Book Number 8174876235 (hbk)
037 ## - SOURCE OF ACQUISITION
Terms of availability Textual
040 ## - CATALOGING SOURCE
Original cataloging agency ARTS
Transcribing agency ARTS
Language of cataloging san
041 ## - LANGUAGE CODE
Source of code san
Language code of text/sound track or separate title san
100 ## - MAIN ENTRY--PERSONAL NAME
Personal name सदानन्द; पाण्डेय, मिथिलेश, संपा.
9 (RLIN) 157701
245 #0 - TITLE STATEMENT
Title वेदान्तदर्शनम्
Remainder of title वेदान्तसार
246 ## - VARYING FORM OF TITLE
Title proper/short title Vedāntadarshanam: vedāntasāra
260 ## - PUBLICATION, DISTRIBUTION, ETC.
Place of publication, distribution, etc. नई दिल्ली
Name of publisher, distributor, etc. राधा पब्लिकेशन्स
Date of publication, distribution, etc. 2009
300 ## - PHYSICAL DESCRIPTION
Extent 194पृ0
Dimensions cm.
942 ## - ADDED ENTRY ELEMENTS (KOHA)
Classification part R66xJ25,1, 152P9
Koha item type Textual
Source of classification or shelving scheme Colon Classification (CC)
Holdings
Withdrawn status Lost status Damaged status Not for loan Home library Current library Date acquired Source of acquisition Cost, normal purchase price Total Checkouts Full call number Barcode Date last seen Date last checked out Cost, replacement price Price effective from Koha item type
        Arts Library Arts Library 2022-09-23 205, 12/09/2009, Eastern Book Linkers 350.00 5 R66xJ25,1 152P9 AL1294417 2026-02-19 2026-02-05 350.00 2022-09-23 Textual
Copyright @ Delhi University Library System